000 00336nam a2200145Ia 4500
008 220204s9999 xx 000 0 und d
082 _a339.1
_bSIN
100 _aMugali, V N
245 0 _aText book of commerce
250 _aEd.11
260 _aNew Delhi
_bR Chand
_c1977
650 _aCommerce
700 _aSinha, J C
942 _cBK
999 _c28847
_d28847